000 01522nam a2200349 u 4500
001 000004640
005 20200929151456.0
008 090724s2007 dr ac 001 0 spa d
020 _a994585920X
040 _aDO-SdBNP
_bspa
_cBNPHU
082 _a271.9
_bT233h
100 1 _aTaveras, Lorena
_913159
245 1 0 _aHijas de María auxiliadora en las antillas :
_bpinceladas de santidad 1937-1973 /
_cLorena Taveras ; colaboradoras Filomena Rodríguez, Dolores Saviñón ; presentación Verónica de la Cruz.
260 _aSanto Domingo :
_bAmigo del Hogar,
_c2007.
300 _a265 p. :
_bil., retrs. ;
_c23 cm.
490 1 _aFMA
_v2
500 _aInstituto hijas de María Auxiliadora inspectoría antillana "San José"
500 _aIncluye datos biográficos de la autora en las solapas
500 _aIncluye índices
505 0 _aSemblanzas de hermanas que fecundaron la provincia antillana vitalizando el Instituto de las Hijas de Maria. Auxiliadora 1937-1973
590 _aInventariado, 2018/ YL
504 _aBibliografía : p. 258-261
610 1 4 _aHIJAS DE MARIA AUXILIADORA
_zANTILLAS
_913529
650 4 _aOrdenes religiosas de mujeres
_zAntillas
_y1937-1973
_913530
650 4 _aSalesianos
_zAntillas
_y1937-1973
_913531
650 4 _aMisiones salesianas
_zAntillas
_y1937-1973
_913532
700 1 2 _aRodríguez, Filomena,
_ecol.
_913533
700 1 2 _aSaviñón, Dolores,
_ecol.
_913534
700 1 2 _aCruz, Veronica de la
_913535
830 0 _aFMA
_n2
_913536
910 _aValidado. Control de calidad MFF
999 _c4447
_d4447